[Event "Hebraica op 26th"]
[Site "Hebraica"]
[Date "2019.01.13"]
[Round "5"]
[White "Roverso, Leandro"]
[Black "Sato, Claudio Takeshi"]
[Result "1-0"]
[WhiteElo "1931"]
[BlackElo "1560"]
[PlyCount "51"]
[EventDate "2019.01.11"]
[EventType "swiss"]
[EventRounds "6"]
[EventCountry "BRA"]
[SourceTitle "EXT 2020"]
[Source "ChessBase"]
[SourceDate "2019.10.17"]
[SourceVersion "1"]
[SourceVersionDate "2019.10.17"]
[SourceQuality "1"]

1. d4 Nf6 2. c4 e6 3. Nf3 b6 4. Nc3 Bb7 5. Bg5 Bb4 6. Qc2 0-0 7. e3 d5 8. cxd5 Bxd5 9. Bd3 h6 10. Bh4 Nbd7 11. e4 Bb7 12. a3 Be7 13. 0-0 c5 14. Rad1 cxd4 15. Nxd4 Ng4 16. Bg3 Nge5 17. Be2 Qc8 18. Kh1 Nc6 19. Ndb5 e5 20. Nd5 Bd8 21. Bg4 Kh8 22. Nd6 Nd4 23. Qxc8 Bxc8 24. Nxc8 Nc5 25. Nd6 f6 26. f4 1-0

[Event "Hebraica op 26th"]
[Site "Hebraica"]
[Date "2019.01.12"]
[Round "4"]
[White "Sato, Claudio Takeshi"]
[Black "Frattini, Beatriz Maria"]
[Result "0-1"]
[WhiteElo "1560"]
[BlackElo "1638"]
[PlyCount "66"]
[EventDate "2019.01.11"]
[EventType "swiss"]
[EventRounds "6"]
[EventCountry "BRA"]
[SourceTitle "EXT 2020"]
[Source "ChessBase"]
[SourceDate "2019.10.17"]
[SourceVersion "1"]
[SourceVersionDate "2019.10.17"]
[SourceQuality "1"]

1. b3 e5 2. Bb2 Nc6 3. e3 Nf6 4. Bb5 d6 5. d4 exd4 6. Qxd4 a6 7. Bxc6+ bxc6 8. Nc3 Bf5 9. 0-0-0 Be7 10. e4 c5 11. Qe3 Be6 12. Nd5 0-0 13. Nxe7+ Qxe7 14. Ne2 a5 15. a4 c4 16. Nd4 cxb3 17. cxb3 c5 18. Nb5 Rfb8 19. Qd3 Ne8 20. Rhe1 Rb6 21. Re3 Bd7 22. Na3 Rab8 23. Qc2 Be6 24. Nc4 Bxc4 25. Qxc4 Rb4 26. Qd5 c4 27. Ba3 Rxb3 28. Bxd6 Qf6 29. Be5 Rb1+ 30. Kc2 R8b2+ 31. Kc3 Qxf2 32. Rxb1 Rxb1 33. Qd2 Rb3+ 0-1

[Event "Sao Paulo Salles Cup 11th"]
[Site "Sao Paulo"]
[Date "2017.03.25"]
[Round "3"]
[White "Hoshino, Karen M"]
[Black "Sato, Claudio Takeshi"]
[Result "1-0"]
[WhiteElo "1882"]
[BlackElo "1533"]
[PlyCount "73"]
[EventDate "2017.03.24"]
[EventType "swiss (blitz)"]
[EventRounds "6"]
[EventCountry "BRA"]
[SourceTitle "CBM 177 Extra"]
[Source "ChessBase"]
[SourceDate "2017.04.27"]
[SourceVersion "1"]
[SourceVersionDate "2017.04.27"]
[SourceQuality "1"]

1. d4 Nf6 2. c4 e6 3. Nf3 b6 4. e3 Bb7 5. Bd3 c5 6. 0-0 Be7 7. Nc3 d5 8. cxd5 exd5 9. Ne5 0-0 10. b3 Nc6 11. Nxc6 Bxc6 12. Ne2 Re8 13. Bb2 Rc8 14. Rc1 Ne4 15. dxc5 bxc5 16. Qc2 h6 17. Rfd1 Qb6 18. Nf4 Nf6 19. Bf5 Rcd8 20. Ba3 Qb7 21. Bxc5 Bd7 22. Bxe7 Rxe7 23. Bxd7 Rexd7 24. h3 Ne4 25. Rd4 g5 26. Nxd5 Rxd5 27. Qxe4 Qb5 28. Rxd5 Rxd5 29. Rc8+ Kg7 30. Qc2 Rd7 31. Qc3+ f6 32. Rc7 Kg6 33. Rc6 Rd1+ 34. Kh2 Qb8+ 35. g3 Qd8 36. Qc2+ Rd3 37. Rc3 1-0

[Event "Sao Paulo Salles Cup 11th"]
[Site "Sao Paulo"]
[Date "2017.03.24"]
[Round "2"]
[White "Sato, Claudio Takeshi"]
[Black "Ishikawa, Emilio Keiji"]
[Result "0-1"]
[WhiteElo "1533"]
[BlackElo "1770"]
[PlyCount "134"]
[EventDate "2017.03.24"]
[EventType "swiss (blitz)"]
[EventRounds "6"]
[EventCountry "BRA"]
[SourceTitle "CBM 177 Extra"]
[Source "ChessBase"]
[SourceDate "2017.04.27"]
[SourceVersion "1"]
[SourceVersionDate "2017.04.27"]
[SourceQuality "1"]

1. b3 d5 2. Bb2 Nf6 3. e3 g6 4. c4 c6 5. Nf3 Bg7 6. Nc3 0-0 7. Be2 dxc4 8. Bxc4 Nbd7 9. Qc2 Nb6 10. Be2 Bf5 11. d3 Nbd5 12. a3 Rc8 13. 0-0 h6 14. Rad1 b5 15. e4 Nxc3 16. Bxc3 Bd7 17. Ne5 c5 18. Qd2 Be6 19. b4 Bb3 20. Rb1 c4 21. f3 Qb6+ 22. Kh1 Rfd8 23. d4 Nd7 24. Nxd7 Rxd7 25. d5 e5 26. Qb2 Re8 27. Bd1 Bxd1 28. Rbxd1 g5 29. Qf2 Qg6 30. Rd2 Bf8 31. Rfd1 Qa6 32. Ra1 Qa4 33. Rb2 Rd6 34. Qg3 Bg7 35. h4 gxh4 36. Qxh4 Rg6 37. Qh3 Qa6 38. Qd7 Rf8 39. Qf5 Qb6 40. Rd2 Qe3 41. Rc1 Rd8 42. Rdc2 Rdd6 43. Qc8+ Kh7 44. Re1 Qd3 45. Ree2 Rg5 46. Qc7 Rf6 47. Qxa7 Rxf3 48. Kg1 Qd1+ 49. Be1 Qd4+ 50. Bf2 Qa1+ 51. Re1 Qxa3 52. Qxa3 Rxa3 53. Bc5 Rd3 54. Be7 Rg4 55. Bc5 Bf6 56. Rf2 Kg7 57. Ref1 Rf4 58. Rxf4 exf4 59. Rxf4 c3 60. Rf3 Rd1+ 61. Kf2 c2 62. Be3 Bd4 63. Bxd4+ Rxd4 64. Rc3 Rc4 65. Rxc2 Rxc2+ 66. Kf3 Kf6 67. g4 Ke5 0-1

[Event "Brasilia Terraviva op"]
[Site "Brasilia"]
[Date "2017.01.08"]
[Round "5"]
[White "De Andrade, Francisco Edmundo"]
[Black "Sato, Claudio Takeshi"]
[Result "1-0"]
[WhiteElo "1913"]
[BlackElo "1517"]
[PlyCount "119"]
[EventDate "2017.01.06"]
[EventType "swiss"]
[EventRounds "6"]
[EventCountry "BRA"]
[SourceTitle "CBM 176 Extra"]
[Source "ChessBase"]
[SourceDate "2017.03.02"]
[SourceVersion "1"]
[SourceVersionDate "2017.03.02"]
[SourceQuality "1"]

1. e4 e6 2. d4 d5 3. exd5 exd5 4. Bd3 Bd6 5. Nf3 Nf6 6. 0-0 0-0 7. Bg5 Bg4 8. h3 Bh5 9. Nbd2 Nbd7 10. Re1 c6 11. c3 Qc7 12. Qc2 Rfe8 13. a4 Bg6 14. Bxg6 hxg6 15. Nf1 Ne4 16. Rad1 Re6 17. Re2 Rae8 18. Rde1 f6 19. Bc1 Nf8 20. N3d2 f5 21. Nxe4 fxe4 22. Ne3 Bh2+ 23. Kh1 Bd6 24. Ng4 Qf7 25. Bg5 Nh7 26. Be3 Nf6 27. Nh2 Qc7 28. g3 Kf7 29. Kg2 Rh8 30. Rh1 Nh5 31. Nf1 Rf6 32. c4 Qb8 33. cxd5 cxd5 34. Bg5 Rf5 35. h4 Ke6 36. Qb3 Nf6 37. Bxf6 Kxf6 38. Ne3 Rf3 39. Qxd5 Bxg3 40. Qg5+ Kf7 41. fxg3 Rd8 42. Qe5 Qxe5 43. dxe5 Rd3 44. Rf1 Rxf1 45. Nxf1 Rd4 46. b3 Ke6 47. Nd2 Rd3 48. Nxe4 Ke7 49. Nd2 Rd5 50. Kf3 b5 51. axb5 Rxb5 52. Re4 Ke6 53. Kf4 a5 54. g4 Rd5 55. Nf3 Rd3 56. Nd4+ Ke7 57. Nc6+ Ke6 58. Nxa5 Rd1 59. Nc4 Kd5 60. Ne3+ 1-0

[Event "Brasilia Terraviva op"]
[Site "Brasilia"]
[Date "2017.01.08"]
[Round "6"]
[White "Sato, Claudio Takeshi"]
[Black "Rodrigues, Julliano de Araujo"]
[Result "0-1"]
[WhiteElo "1517"]
[BlackElo "1825"]
[PlyCount "56"]
[EventDate "2017.01.06"]
[EventType "swiss"]
[EventRounds "6"]
[EventCountry "BRA"]
[SourceTitle "CBM 176 Extra"]
[Source "ChessBase"]
[SourceDate "2017.03.02"]
[SourceVersion "1"]
[SourceVersionDate "2017.03.02"]
[SourceQuality "1"]

1. b3 e5 2. Bb2 Nc6 3. e3 d5 4. Bb5 Bd6 5. Nf3 Qe7 6. c4 dxc4 7. bxc4 Bd7 8. c5 Bxc5 9. Nxe5 Nxe5 10. Bxd7+ Kxd7 11. d4 Bb4+ 12. Nd2 Nd3+ 13. Kf1 Nxb2 14. Qc2 Bxd2 15. Qxb2 Qb4 16. Qc2 Ne7 17. Ke2 Rad8 18. Rhd1 Bxe3 19. fxe3 Qb5+ 20. Kf2 Qf5+ 21. Qxf5+ Nxf5 22. Rd3 Rhe8 23. Rb1 b6 24. Rb5 Nd6 25. Rb2 Kc8 26. Kf3 Nc4 27. Rbb3 Re6 28. a4 Red6 0-1

[Event "Paulista-ch"]
[Site "Sao Paulo"]
[Date "2016.11.??"]
[Round "5"]
[White "Ishikawa, Emilio Keiji"]
[Black "Sato, Claudio Takeshi"]
[Result "1-0"]
[WhiteElo "1789"]
[BlackElo "1540"]
[PlyCount "109"]
[EventDate "2016.11.09"]
[EventType "swiss"]
[EventRounds "6"]
[EventCountry "BRA"]
[SourceTitle "EXT 2022"]
[Source "ChessBase"]
[SourceDate "2021.10.06"]
[SourceVersion "1"]
[SourceVersionDate "2021.10.06"]
[SourceQuality "1"]

1. e4 e6 2. d4 d5 3. exd5 exd5 4. Bd3 Nf6 5. Ne2 Bd6 6. Bg5 Be6 7. Nd2 h6 8. Bh4 c6 9. c3 Nbd7 10. Qc2 Qc7 11. 0-0-0 0-0-0 12. Bf5 Rde8 13. Bxe6 Rxe6 14. Nf3 Rhe8 15. Rhe1 Ne4 16. Bg3 Nxg3 17. hxg3 Nf6 18. Kb1 Ne4 19. Nc1 f5 20. Nd3 g5 21. Nfe5 Kb8 22. Re3 Nf6 23. f4 Ng4 24. Re2 Qg7 25. Rde1 Bxe5 26. dxe5 b6 27. Nb4 Rf8 28. Qb3 Qb7 29. Rd1 Rd8 30. c4 d4 31. c5 Re7 32. cxb6 axb6 33. Qa4 c5 34. Nc6+ Kc8 35. Nxe7+ Qxe7 36. e6 Kb7 37. Rd3 Ne3 38. Rdxe3 dxe3 39. Rxe3 Rd4 40. Qc2 gxf4 41. gxf4 Rxf4 42. a3 h5 43. g3 Rf1+ 44. Ka2 f4 45. Qe4+ Ka7 46. gxf4 Qf6 47. Rd3 Rxf4 48. Rd7+ Ka6 49. Qe2+ c4 50. Rf7 Qd4 51. Rxf4 Qxf4 52. e7 h4 53. e8Q Qd4 54. Qa4+ Kb7 55. Qe7+ 1-0

[Event "Sao Paulo Schutt Cup 10th"]
[Site "Sao Paulo"]
[Date "2016.10.30"]
[Round "5"]
[White "Sato, Claudio Takeshi"]
[Black "Dias, Joao Batista de Sou"]
[Result "0-1"]
[WhiteElo "1476"]
[BlackElo "1893"]
[PlyCount "108"]
[EventDate "2016.10.28"]
[EventType "swiss"]
[EventRounds "6"]
[EventCountry "BRA"]
[SourceTitle "CBM 175 Extra"]
[Source "ChessBase"]
[SourceDate "2016.12.12"]
[SourceVersion "1"]
[SourceVersionDate "2016.12.12"]
[SourceQuality "1"]

1. b3 d5 2. Bb2 c5 3. e3 Nc6 4. Nf3 Nf6 5. Bb5 a6 6. Bxc6+ bxc6 7. 0-0 e6 8. Ne5 Qc7 9. f4 a5 10. a4 Rb8 11. Nc3 c4 12. Rb1 cxb3 13. cxb3 Bd6 14. Ne2 Ba6 15. Rf3 Bxe2 16. Qxe2 Rxb3 17. Qd1 Rb6 18. Qc2 0-0 19. Rc1 c5 20. Bc3 Rb7 21. Rh3 Ne4 22. Ba1 f5 23. d3 Nf6 24. Nf3 Qb6 25. Ng5 Re8 26. Bxf6 gxf6 27. Nf3 Reb8 28. Qf2 Qb2 29. Qe1 Rg7 30. Nh4 Rb4 31. Qd1 d4 32. Rc2 Qb1 33. Rc1 Qb3 34. Qf3 dxe3 35. Qa8+ Rb8 36. Qf3 Qxd3 37. Rd1 Rb1 38. Rxb1 Qxb1+ 39. Qf1 Qxf1+ 40. Kxf1 Bxf4 41. g3 Be5 42. Ng2 Bd4 43. Ke2 Rg4 44. Nf4 e5 45. Nd5 Kg7 46. Ne7 Rg5 47. Rh4 h5 48. Kf3 e4+ 49. Ke2 c4 50. Rf4 c3 51. Rxf5 c2 52. Rf1 Rc5 53. Rc1 Kf7 54. Nf5 Rxf5 0-1

[Event "Sao Paulo-C U1700 op 5th"]
[Site "Sao Paulo"]
[Date "2016.10.16"]
[Round "5.27"]
[White "Da Rosa, Henrique Jaze Simoe"]
[Black "Sato, Claudio Takeshi"]
[Result "0-1"]
[WhiteElo "1639"]
[BlackElo "1476"]
[PlyCount "130"]
[EventDate "2016.10.13"]
[EventType "swiss"]
[EventRounds "6"]
[EventCountry "BRA"]
[SourceTitle "EXT 2022"]
[Source "ChessBase"]
[SourceDate "2021.10.06"]
[SourceVersion "1"]
[SourceVersionDate "2021.10.06"]
[SourceQuality "1"]

1. b3 Nf6 2. Bb2 d5 3. e3 c5 4. Nf3 Nc6 5. d4 e6 6. Be2 Bd6 7. 0-0 0-0 8. c4 Re8 9. Nc3 b6 10. Qd2 Bb7 11. Rad1 Ne7 12. Nb5 Bb8 13. dxc5 bxc5 14. Be5 Ng6 15. Bxb8 Qxb8 16. Qa5 Re7 17. Nc3 Qc8 18. b4 cxb4 19. Qxb4 Ba6 20. c5 Bxe2 21. Nxe2 Rc7 22. Ng3 Rxc5 23. Qb2 Rc2 24. Qb1 Rb8 25. Qa1 Rbb2 26. Nd4 Rxa2 27. Qb1 Rcb2 28. Qd3 Ne5 29. Rc1 Qb8 30. Qc3 h6 31. Rc2 Nc4 32. Rfc1 Rxc2 33. Rxc2 Rxc2 34. Qxc2 Qb2 35. Qxb2 Nxb2 36. f3 a5 37. Nc2 Nd7 38. e4 Nc4 39. Ne2 a4 40. Nb4 Ndb6 41. Nc1 d4 42. Ne2 e5 43. Kf1 Kf8 44. g4 Ke7 45. Ke1 Kd6 46. Kd1 Kc5 47. Na6+ Kb5 48. Nc7+ Kb4 49. Na6+ Kb3 50. Nc5+ Kb2 51. Nd3+ Kb1 52. Nec1 Ne3+ 53. Kd2 Nbc4+ 54. Ke2 a3 55. Nb3 a2 56. Ndc1 a1Q 57. Nxa1 Kxc1 58. Nb3+ Kc2 59. Na1+ Kc3 60. Ke1 d3 61. Kf2 d2 62. Ke2 d1Q+ 63. Kf2 Qf1+ 64. Kg3 g5 65. h3 Qg2# 0-1

[Event "Sao Paulo-C U1700 op 5th"]
[Site "Sao Paulo"]
[Date "2016.10.14"]
[Round "2.30"]
[White "Sato, Claudio Takeshi"]
[Black "Bortolotti, Julia Gomes"]
[Result "1-0"]
[WhiteElo "1476"]
[BlackElo "1757"]
[PlyCount "91"]
[EventDate "2016.10.13"]
[EventType "swiss"]
[EventRounds "6"]
[EventCountry "BRA"]
[SourceTitle "EXT 2022"]
[Source "ChessBase"]
[SourceDate "2021.10.06"]
[SourceVersion "1"]
[SourceVersionDate "2021.10.06"]
[SourceQuality "1"]

1. b3 d5 2. Bb2 Nc6 3. e3 e5 4. Bb5 Nge7 5. Bxe5 a6 6. Bxc6+ Nxc6 7. Bb2 Bf5 8. Nf3 f6 9. d3 Be7 10. Nbd2 0-0 11. 0-0 Bd6 12. Nh4 Ne7 13. Nxf5 Nxf5 14. e4 dxe4 15. Nxe4 Be7 16. Re1 b6 17. Qg4 Nh6 18. Qf3 c5 19. Rad1 Qc7 20. Re3 Rf7 21. Rde1 Raf8 22. Nc3 Bd6 23. Qh3 Bf4 24. Re6 Qd7 25. Na4 Bc7 26. Bc1 Bd8 27. Bxh6 gxh6 28. Qxh6 b5 29. Nxc5 Qd5 30. Qe3 Rg7 31. g3 Ba5 32. Re2 Bb4 33. Nxa6 Ba5 34. Qe4 Qd8 35. Qc6 Qc8 36. Qxb5 Bd8 37. Re8 Rgf7 38. Nc5 Qf5 39. Rxf8+ Rxf8 40. Qc4+ Kh8 41. b4 Qf3 42. Qe4 Qh5 43. a4 Ba5 44. c3 Qg5 45. Kg2 Bb6 46. Ne6 1-0

[Event "Sao Paulo CC Fox op"]
[Site "Sao Paulo"]
[Date "2016.10.08"]
[Round "4"]
[White "Rocha, Anderson Rosendo"]
[Black "Sato, Claudio Takeshi"]
[Result "0-1"]
[WhiteElo "1714"]
[BlackElo "1476"]
[PlyCount "76"]
[EventDate "2016.10.07"]
[EventType "swiss"]
[EventRounds "6"]
[EventCountry "BRA"]
[SourceTitle "EXT 2018"]
[Source "ChessBase"]
[SourceDate "2017.10.13"]
[SourceVersion "1"]
[SourceVersionDate "2017.10.13"]
[SourceQuality "1"]

1. e4 b6 2. d3 Bb7 3. Nf3 e6 4. Nbd2 d5 5. e5 d4 6. g3 Ne7 7. Bg2 Ng6 8. 0-0 c5 9. Re1 Be7 10. h4 h5 11. Nf1 Nd7 12. N1h2 Qc7 13. Qe2 0-0-0 14. c3 dxc3 15. bxc3 Ba6 16. Qe3 Nb8 17. d4 Nc6 18. Rd1 Ncxe5 19. Bb2 Nc4 20. Qc1 Rd7 21. Nd2 Nxb2 22. Qxb2 Rhd8 23. Rdc1 Kb8 24. Ndf3 Bb7 25. a4 a5 26. Re1 Bf6 27. Red1 Ka7 28. Bf1 Ba6 29. Bxa6 Kxa6 30. Qb5+ Kb7 31. Ra2 e5 32. Rad2 Qc6 33. Qxc6+ Kxc6 34. dxe5 Rxd2 35. Rxd2 Rxd2 36. Nxd2 Nxe5 37. c4 Nd3 38. Ne4 Be7 0-1

[Event "Sao Paulo CC Fox op"]
[Site "Sao Paulo"]
[Date "2016.10.08"]
[Round "3"]
[White "Sato, Claudio Takeshi"]
[Black "Moyses Sobrinho, Elias"]
[Result "0-1"]
[WhiteElo "1476"]
[BlackElo "1950"]
[PlyCount "132"]
[EventDate "2016.10.07"]
[EventType "swiss"]
[EventRounds "6"]
[EventCountry "BRA"]
[SourceTitle "EXT 2018"]
[Source "ChessBase"]
[SourceDate "2017.10.13"]
[SourceVersion "1"]
[SourceVersionDate "2017.10.13"]
[SourceQuality "1"]

1. b3 e5 2. Bb2 Nc6 3. e3 d5 4. Bb5 Bd6 5. Nf3 Qe7 6. c4 a6 7. Bxc6+ bxc6 8. c5 Bxc5 9. Nxe5 Qf6 10. Qc2 Qd6 11. Nd3 Bf5 12. Bxg7 Qg6 13. Qxc5 Bxd3 14. Nc3 Ne7 15. Bxh8 f6 16. Qd4 Kf7 17. Bxf6 c5 18. Qxc5 Qxf6 19. Qxc7 Rc8 20. Qa5 Qg5 21. Rg1 Qe5 22. h3 Bb5 23. Qb4 Ng6 24. Qd4 Qxd4 25. exd4 Re8+ 26. Kd1 Bd3 27. Re1 Rd8 28. Re3 Bf5 29. Ne2 Nh4 30. g3 Ng2 31. Rf3 Kg6 32. g4 Be4 33. Nf4+ Kh6 34. g5+ Kxg5 35. Ne6+ Kh4 36. Rg3 Re8 37. Ng5 Nf4 38. Nf3+ Bxf3+ 39. Rxf3 Nxh3 40. Kc2 Ng5 41. Rh1+ Kg4 42. Rg3+ Kf5 43. Rh5 Rg8 44. Kd3 Rg6 45. Re3 Kg4 46. Rh1 h6 47. Re5 Rd6 48. Ke3 Nh3 49. f3+ Kg3 50. Re8 Rf6 51. Rf1 Kg2 52. Rg8+ Kxf1 53. Rg3 Re6+ 54. Kd3 Nf4+ 55. Kc2 Kf2 56. Rg8 Kxf3 57. b4 h5 58. Rh8 Kg3 59. a4 h4 60. Kb3 h3 61. b5 axb5 62. axb5 h2 63. Rxh2 Kxh2 64. Kb4 Nd3+ 65. Ka5 Kg3 66. b6 Kf2 0-1

[Event "Sao Paulo Karman Cup 9th"]
[Site "Sao Paulo"]
[Date "2016.08.07"]
[Round "6"]
[White "Costa, Iaggo Bernini"]
[Black "Sato, Claudio Takeshi"]
[Result "0-1"]
[WhiteElo "1396"]
[BlackElo "1457"]
[PlyCount "115"]
[EventDate "2016.08.05"]
[EventType "swiss"]
[EventRounds "6"]
[EventCountry "BRA"]
[SourceTitle "CBM 174 Extra"]
[Source "ChessBase"]
[SourceDate "2016.10.10"]
[SourceVersion "1"]
[SourceVersionDate "2016.10.10"]
[SourceQuality "1"]

1. e4 b6 2. Nf3 Bb7 3. Nc3 e6 4. d4 Bb4 5. Bd2 Bxc3 6. Bxc3 Bxe4 7. d5 Nf6 8. dxe6 fxe6 9. Bd3 Bxd3 10. Qxd3 Nc6 11. 0-0-0 Qe7 12. a3 0-0-0 13. Ne5 Nxe5 14. Bxe5 Ng4 15. Qf3 d6 16. Bxd6 Rxd6 17. Qa8+ Kd7 18. Rxd6+ cxd6 19. Qxh8 Nxf2 20. Rf1 Qg5+ 21. Kb1 Qxg2 22. Re1 a5 23. Qxh7 d5 24. Qg8 Ne4 25. Qf7+ Kd6 26. Qb7 Qf2 27. Rh1 g5 28. Qb8+ Ke7 29. Qc7+ Kf6 30. Qc8 Kf7 31. Qd7+ Kf6 32. Qb5 g4 33. Ka2 Ke7 34. Rf1 Qxc2 35. Qxb6 Qc4+ 36. Qb3 Qxf1 37. Qb7+ Kf6 38. Qa8 Qc4+ 39. Ka1 a4 40. Qf8+ Ke5 41. Qg7+ Kd6 42. Qf8+ Kc6 43. Qe8+ Kc5 44. Qe7+ Kd4 45. Qg7+ e5 46. Qxg4 Qc1+ 47. Ka2 Qf4 48. Qg1+ Nf2 49. h3 e4 50. Qg7+ Kd3 51. Qc3+ Ke2 52. Qc2+ Kf3 53. Qxa4 e3 54. Qa8 Qf7 55. a4 e2 56. Qc8 e1Q 57. Qc3+ Qxc3 58. bxc3 0-1